| 000 | 00000nas##2200000za#4500 |
| 001 | 9.509588 |
| 003 | CaOODSP |
| 005 | 20200325104133 |
| 007 | ta |
| 008 | 150406c2001||||xxc|| m #||||f| |0eng|d |
| 040 | |aCaOODSP|beng |
| 041 | |aeng |
| 041 | |afre |
| 043 | |an-cn--- |
| 086 | 1 |aRH4-9 |
| 110 | 1 |aCanada. |bHuman Resources Development Canada. |
| 245 | 10|aInformation on occupational health and safety |
| 260 | |aOttawa - Ontario : |bHuman Resources Development Canada |
| 546 | |aBilingual |
| 563 | |aSoftcover |
| 690 | 07|aLabour standards|2gcpds |
| 690 | 07|aOccupational health|2gcpds |
| 776 | 0#|tRenseignements sur la santé et la sécurité au travail |w(CaOODSP)9.503505 |
| 776 | 0#|tInformation on occupational health and safety |w(CaOODSP)9.507112 |
| 792 | |tRenseignements sur la santé et la sécurité au travail |efre|w(CaOODSP)9.509589 |